Nuevos derroteros en ciencia pública y administración pública /

En la actualidad las ciencias sociales deben entenderse en una interacción horizontal con los diversos campos del saber humano. La fortaleza de las ciencias del hombre en la sociedad no consiste en ideologizar sino en producir conocimientos a partir de la realidad, por tanto es imprescindible repens...

Descripció completa

Guardat en:
Dades bibliogràfiques
Autor principal: Uvalle Berrones, Ricardo
Format: Text
Matèries:
Etiquetes: Afegir etiqueta
Sense etiquetes, Sigues el primer a etiquetar aquest registre!

MARC

LEADER 00000 a a2200000 04500
001 3893
003
040
100 |a Uvalle Berrones, Ricardo  
245 |a Nuevos derroteros en ciencia pública y administración pública /  |c Ricardo Uvalle Berrones 
520 |a En la actualidad las ciencias sociales deben entenderse en una interacción horizontal con los diversos campos del saber humano. La fortaleza de las ciencias del hombre en la sociedad no consiste en ideologizar sino en producir conocimientos a partir de la realidad, por tanto es imprescindible repensarlas para evitar así, su rezago, improductividad o estancamiento. Dicho lo anterior, y en el marco de la ciencia política y administración pública, un replanteamiento de planes y programas de estudio, resulta fundamental  
650 |a CIENCIA POLITICA  
650 |a ADMINISTRACION PUBLICA  
650 |a PROGRAMA DE ESTUDIOS  
650 |a PROGRAMA INTEGRADO DE ESTUDIOS  
773 |g volumen 8, número 25; páginas 237-254  
999 |c 30576  |d 30576